000
00436nam a2200145Ia 4500
008
100204s9999 xx 000 0 und d
082
_b
11278
100
_a
मेहता शशिकला
245
_a
ब्लॅकमेल
260
_b
"निशिराज प्रकाशन , पुणे"
_c
1988
300
_a
212
630
_a
ब्लॅकमेल
730
_a
ब्लॅकमेल
942
_c
BOOK
999
_c
455714
_d
455711